000 00382cam a22001217a 4500
008 180718b1988 xxu||||| |||| 00| 0 eng d
082 _aQ811x54 In2c/c.4
245 _aCollective violence: genesis and response
_cedited by K.S. Shukla
260 _aNew Delhi
_bIndian Institute of Public Administration
_c1988
300 _a354p.
650 _aViolence - India
700 _aShukla, K.S.
999 _c486406
_d486406